Bordering Countries by lowest average Population - Statistics

General Stats
  • This quiz has been taken 85 times
  • The average score is 19 of 24
Answer Stats
Countries % Correct
Albania
90%
Bosnia & Herzegovina
90%
Croatia
90%
Macedonia
90%
Montenegro
90%
Serbia
90%
Slovenia
89%
Kosovo
88%
Liechtenstein
86%
Switzerland
86%
Austria
85%
Estonia
82%
Latvia
81%
Lithuania
79%
Armenia
71%
Georgia
71%
Guyana
69%
Suriname
69%
Eritrea
68%
Djibouti
67%
Equatorial Guinea
63%
Gabon
63%
Namibia
60%
Botswana
58%
No matching quizzes found
Score Distribution
Percent of People with Each Score
Percentile by Number Answered
Your Score History
You have not taken this quiz